It looks like you're offline.
Open Library logo
additional options menu

MARC Record from marc_cca

Record ID marc_cca/b10621386.out:24600707:784
Source marc_cca
Download Link /show-records/marc_cca/b10621386.out:24600707:784?format=raw

LEADER: 00784nam 22002658a 4500
001 26161629
003 OCoLC
005 19930202174128.0
008 920624s1993 nyu b 001 0 eng
010 $a92024982
020 $z044200840
040 $aDLC$cDLC$dCC9
090 $aNC 997 H44 1993
100 1 $aHeller, Steven.
245 10 $aBorrowed design :$buse and abuse of historical form /$cby Steven Heller and Julie Lasky.
260 $aNew York :$bVan Nostrand Reinhold,$cc1993.
300 $aix, 182 p. :$bill. ;$c25 cm.
504 $aIncludes bibliographical references and index.
650 0 $aGraphic design.
650 0 $aDesign$xAdaptations.
700 1 $aLasky, Julie.
907 $a.b10314829$bsf $c-
902 $a080709
998 $b1$c980908$dm$ea$f-$g0
945 $lsfst